| 000 | 00330nam a2200121Ia 4500 | ||
|---|---|---|---|
| 005 | 20251222152027.0 | ||
| 008 | 251222s9999||||xx |||||||||||||| ||spa|| | ||
| 020 | _a968-24-6496-X | ||
| 082 | _a630.2/R47 | ||
| 100 | _a"Reyes Castañeda, PedroReyes Méndez, César Augusto" | ||
| 245 | 0 | _aIntroducción a la agronomía | |
| 942 | _cLIB | ||
| 999 |
_c25513 _d25513 |
||